[Event "Cto Equipos Aragon 2012 Preferente A"]
[Site "Aragon"]
[Date "2012.02.04"]
[Round "1.33"]
[White "Planas Torrea Francisco Javier"]
[Black "Lana Rodriguez David"]
[Result "1/2-1/2"]
[WhiteElo "2007"]
[BlackElo "2243"]

1.e4 e6 2.d4 d5 3.exd5 exd5 4.Bd3 Bd6 5.Ne2 Bg4 6.c3 Nc6 7.Na3 Bxa3 8.bxa3
Nge7 9.f3 Bf5 10.Bg5 Qd6 11.a4 Qg6 12.Bxe7 Nxe7 13.Bxf5 Nxf5 14.Qd3 O-O 15.O-O
Nd6 16.Qxg6 hxg6 17.Nf4 c6 18.Rfe1 Rfe8 19.Kf2 Nc4 20.Nd3 b6 21.Nb4 Rec8 22.
Re2 Kf8 23.Rae1 a5 24.Nd3 Re8 25.Ne5 Nxe5 26.Rxe5 Rxe5 27.Rxe5 Re8 28.f4 Rc8
29.Ke2 f6 30.Re3 c5 31.Re6 cxd4 32.cxd4 Rc2+ 33.Kf3 Rxa2 34.Rxb6 Ra3+ 35.Kf2
Rxa4 36.Rb8+ Kf7 37.Rb5 Rxd4 38.Ke3 Ra4 39.Rxd5 Ke6 40.Rd8 Ra3+ 41.Ke4 Ra2 42.
Kf3 a4 43.Ra8 Kd5 44.Ra7 a3 45.h3 Kc4 46.Kg3 Ra1 47.Rb7 Kc3 48.Rxg7 Rd1 49.
Rc7+ Kb2 50.Rb7+ Ka1 51.Rb6 a2 52.Kg4 Rd2 53.g3 Rd3 54.Kh4 Rd2 55.Rxf6 Kb2 56.
Rb6+ Kc1 57.Ra6 Kb1 58.Kg5 Rd1 59.Rxa2 Kxa2 60.Kxg6 Rg1 61.Kf7 Rxg3 62.f5 Kb3
63.f6 Kc4 64.Ke6 Re3+ 65.Kd6 Rd3+ 66.Ke6 Re3+ 67.Kd6 Rf3 68.Ke6 Kc5 69.f7 Kc6
70.Ke7 Re3+ 71.Kf6 Rf3+ 72.Ke7 Re3+ 73.Kf6 1/2-1/2

[Event "Cto Equipos Aragon 2012 Preferente A"]
[Site "Aragon"]
[Date "2012.02.04"]
[Round "1.34"]
[White "Navarro Alonso Jorge"]
[Black "Planas Torrea Alberto"]
[Result "1/2-1/2"]
[WhiteElo "2154"]
[BlackElo "1920"]

1.e4 d5 2.exd5 Qxd5 3.Nc3 Qd6 4.d4 a6 5.Nf3 Nf6 6.g3 Bg4 7.Bg2 Nc6 8.O-O O-O-O
9.Bf4 Bxf3 10.Qxf3 Qxd4 11.Rad1 Qc5 12.Rxd8+ Nxd8 13.b4 Qb6 14.a4 e6 15.Rb1
Bd6 16.a5 Qd4 17.Bxd6 cxd6 18.b5 d5 19.bxa6 bxa6 20.Bf1 h5 21.Bxa6+ Kd7 22.Ne2
Qc5 23.Qc3 Kd6 24.Bd3 Qxc3 25.Nxc3 Nd7 26.a6 Nc6 27.Rb7 Na5 28.Nb5+ Ke7 29.Rc7
Ra8 30.Nd4 Kd8 31.Rc3 Ne5 1/2-1/2

[Event "Cto Equipos Aragon 2012 Preferente A"]
[Site "Aragon"]
[Date "2012.02.04"]
[Round "1.35"]
[White "Marcellan Peire Jesus Eduardo"]
[Black "Cerrajeria Ruiz Jesus Maria"]
[Result "0-1"]
[WhiteElo "1865"]
[BlackElo "2141"]

1.d4 Nf6 2.c4 c5 3.d5 b5 4.cxb5 a6 5.b6 d6 6.Nc3 g6 7.a4 Qxb6 8.a5 Qb4 9.Ra4
Qb7 10.e4 Bg7 11.Nf3 O-O 12.Be2 Bd7 13.Ra3 Qb4 14.Qc2 Nxe4 15.O-O Nxc3 16.bxc3
Qb7 17.Nd2 Bf5 18.Qa2 Ra7 19.Rd1 e5 20.Nc4 Qe7 21.Be3 Bf6 22.Rb3 Rd8 23.Qb2
Qc7 24.g4 Bd7 25.Nxd6 Ba4 26.Ne4 Bh4 27.d6 Qc8 28.Nxc5 Bxb3 29.Qxb3 Qc6 30.Bc4
Kg7 31.Ne6+ fxe6 32.Bxa7 Nd7 33.Bxe6 Nc5 34.Qc4 Qf3 35.Rf1 Ne4 36.Qc7+ Kh8 37.
d7 Nxc3 38.Qxe5+ Bf6 39.Qe3 Ne2+ 40.Qxe2 Qxe2 41.g5 0-1

[Event "Cto Equipos Aragon 2012 Preferente A"]
[Site "Aragon"]
[Date "2012.02.04"]
[Round "1.36"]
[White "Montes Santos Lorenzo"]
[Black "Merin Flores Miguel Angel"]
[Result "1-0"]
[WhiteElo "2035"]
[BlackElo "1722"]

1.Nf3 d5 2.c4 Nf6 3.cxd5 Nxd5 4.a3 c6 5.d4 Bf5 6.Nbd2 Bg6 7.g3 e6 8.Bg2 Nd7 9.
O-O Bd6 10.e4 Nc7 11.Re1 O-O 12.Nc4 Be7 13.b4 Rc8 14.Na5 Rb8 15.Bf4 Nf6 16.Ne5
Nh5 17.Be3 Bd6 18.Nec4 Be7 19.Rc1 Nf6 20.Bf4 Nd7 21.Qd2 Nb6 22.Ne5 Bd6 23.Nxb7
Rxb7 24.Nxc6 Bxf4 25.Qxf4 Qd7 26.Na5 Nca8 27.Nxb7 Qxb7 28.Rc5 Qd7 29.d5 exd5
30.exd5 Na4 31.Rc6 N4b6 32.d6 Qf5 33.Qc1 Qd7 34.Re7 Qf5 35.Rxa7 h6 36.a4 Qd3
37.h4 Bf5 38.Rc5 Rd8 39.a5 Na4 40.Rxa8 Rxa8 41.Bxa8 Nxc5 42.Qxc5 Qd1+ 43.Kg2
Bd3 44.Bc6 Bf1+ 45.Kh2 Qg4 46.d7 1-0

[Event "Cto Equipos Aragon 2012 Preferente A"]
[Site "Aragon"]
[Date "2012.02.04"]
[Round "1.37"]
[White "Palacios Latasa Elias"]
[Black "Neila Castillo Miguel Angel"]
[Result "1-0"]
[WhiteElo "2211"]
[BlackElo "2071"]

1.e4 d5 2.exd5 Qxd5 3.Nc3 Qa5 4.Bc4 Nf6 5.h3 e5 6.Nf3 Bb4 7.O-O O-O 8.d3 Bxc3
9.bxc3 e4 10.Ng5 Qxc3 11.Rb1 exd3 12.cxd3 Qe5 13.Re1 Qd6 14.Qb3 Qb6 15.Bxf7+
Kh8 16.Ba3 Qxb3 17.Bxb3 h6 18.Bxf8 hxg5 19.Re7 Nc6 20.Bxg7+ 1-0

[Event "Cto Equipos Aragon 2012 Preferente A"]
[Site "Aragon"]
[Date "2012.02.04"]
[Round "1.38"]
[White "Pes Mateo Angel"]
[Black "Gracia Campo Carlos Alberto"]
[Result "0-1"]
[WhiteElo "2069"]
[BlackElo "2042"]

1.d4 Nf6 2.Nf3 g6 3.Bf4 Bg7 4.h3 O-O 5.e3 c5 6.c3 d6 7.Be2 Nc6 8.Nbd2 a6 9.a4
Re8 10.O-O Rb8 11.Bh2 cxd4 12.exd4 b5 13.axb5 axb5 14.Qc2 Qb6 15.Nb3 Be6 16.
Rfd1 Rec8 17.Nc1 Nd5 18.Qd2 Na5 19.Bd3 b4 20.Rb1 Qc6 21.Ra1 bxc3 22.bxc3 Nxc3
23.Re1 Nb3 24.Nxb3 Rxb3 25.Rec1 Qb6 26.Bg3 Bxd4 27.Bxg6 Bg7 28.Bc2 Rb2 29.Qd3
Na2 30.Qxh7+ Kf8 31.Ng5 Nxc1 32.Rxc1 Qc6 33.Qh5 Rxc2 34.Re1 Rc1 0-1

[Event "Cto Equipos Aragon 2012 Preferente A"]
[Site "Aragon"]
[Date "2012.02.04"]
[Round "1.39"]
[White "Veras Sanz Marino"]
[Black "Andres Terrado Miguel Angel"]
[Result "1/2-1/2"]
[WhiteElo "2037"]
[BlackElo "2069"]

1.d4 Nf6 2.Nf3 g6 3.g3 Bg7 4.Bg2 O-O 5.O-O d5 6.c4 c6 7.cxd5 cxd5 8.Ne5 Nc6 9.
Nc3 Be6 10.Nxc6 bxc6 11.Na4 Nd7 12.Bf4 Qa5 13.Rc1 Rfc8 14.a3 Qb5 15.b3 Qa6 16.
Bg5 f6 17.Be3 Bf5 18.h3 e5 19.g4 Be6 20.dxe5 fxe5 21.Bc5 Qb5 22.b4 a5 23.Nc3
Qb7 24.b5 Nxc5 25.bxc6 Qf7 26.Nxd5 Bf8 27.Nb6 Rd8 28.Nxa8 Rxd1 29.Rfxd1 Nb3
30.Rc3 Nd4 31.Bf3 Bc8 32.Nb6 Qc7 33.Nd5 Qf7 34.Nb6 Qc7 35.Nd5 Qf7 36.Nb6
1/2-1/2

[Event "Cto Equipos Aragon 2012 Preferente A"]
[Site "Aragon"]
[Date "2012.02.04"]
[Round "1.40"]
[White "Fleta Marin Sergio"]
[Black "Galve Guinea Alejandro"]
[Result "0-1"]
[WhiteElo "1669"]
[BlackElo "2033"]

1.e4 Nf6 2.d3 d6 3.h3 g6 4.g3 Bg7 5.Bg2 O-O 6.Nf3 c5 7.O-O Nc6 8.c3 Rb8 9.Re1
b5 10.e5 Nxe5 11.Nxe5 dxe5 12.Rxe5 Nd7 13.Re2 Bb7 14.d4 Bxg2 15.Kxg2 cxd4 16.
cxd4 Nb6 17.Be3 Nd5 18.Bc1 Qb6 19.Nc3 Qc6 20.Nxd5 Qxd5+ 21.Kg1 e5 22.Be3 exd4
23.Rd2 Rbd8 24.Rd3 Qc5 25.Rc1 Qb6 26.Bf4 Rc8 27.Qd2 Qe6 28.b3 Rxc1+ 29.Qxc1
Qxh3 30.Qf1 Qxf1+ 31.Kxf1 Rc8 32.Rd2 f5 33.Ke2 Kf7 34.Kd3 Rc3+ 35.Ke2 Ke6 36.
Rd3 Kd5 37.Bb8 Rxd3 38.Kxd3 a6 39.Ba7 g5 40.Bb6 Bf6 41.Bc7 h5 42.b4 h4 43.gxh4
gxh4 44.Bh2 Be5 45.f4 Bd6 46.a3 Bc7 47.Bg1 Bxf4 48.Bxd4 Bg3 49.Bg1 h3 50.Ke2
h2 0-1

[Event "Cto Equipos Aragon 2012 Preferente A"]
[Site "Aragon"]
[Date "2012.02.04"]
[Round "1.41"]
[White "Dominguez Bujeda Jesus"]
[Black "Antonano Fedz-Quincoces Avelin"]
[Result "1/2-1/2"]
[WhiteElo "2127"]
[BlackElo "2127"]

1.d4 f5 2.c4 Nf6 3.g3 e6 4.Bg2 Be7 5.Nc3 O-O 6.Qc2 Nc6 7.Nf3 d6 8.d5 Nb4 9.Qb3
Na6 10.dxe6 Nc5 11.Qc2 Bxe6 12.b3 c6 13.O-O d5 14.Ng5 dxc4 15.Nxe6 Nxe6 16.
Qxf5 Nd4 17.Qe5 Ng4 18.Qe4 Nf6 19.Qe5 Ng4 20.Qe4 Nf6 21.Qe5 Ng4 1/2-1/2

[Event "Cto Equipos Aragon 2012 Preferente A"]
[Site "Aragon"]
[Date "2012.02.04"]
[Round "1.42"]
[White "Najera De Miguel Pedro Jesus"]
[Black "Martin Catalan Juan Vicente"]
[Result "0-1"]
[WhiteElo "1988"]
[BlackElo "2105"]

1.c4 Nf6 2.g3 c5 3.Bg2 Nc6 4.Nc3 g6 5.Nf3 Bg7 6.O-O O-O 7.a3 d5 8.cxd5 Nxd5 9.
e4 Nb6 10.Rb1 Bg4 11.h3 Bxf3 12.Bxf3 Qd7 13.Kh2 Nc4 14.Be2 N4e5 15.Bb5 a6 16.
Bxc6 Nxc6 17.Nd5 e6 18.Nf4 Rfd8 19.Qc2 Qd6 20.Rd1 Ne5 21.b3 g5 22.Nh5 Qd4 23.
d3 Qd6 24.Kg2 f6 25.Bb2 Rac8 26.Rd2 Kf7 27.Rbd1 Nc6 28.Rc1 Nd4 29.Bxd4 Qxd4
30.Nxg7 Kxg7 31.Qc4 Qd6 32.d4 cxd4 33.Qxc8 Rxc8 34.Rxc8 d3 35.Rc3 Qd4 36.Rc7+
Kg6 37.Rc4 Qd6 38.b4 b5 39.Rc5 Qd4 40.Kf3 f5 41.exf5+ exf5 42.Kg2 Qe4+ 43.f3
Qe3 44.Ra2 d2 45.Rc6+ Kf7 0-1

[Event "Cto Equipos Aragon 2012 Preferente A"]
[Site "Aragon"]
[Date "2012.02.04"]
[Round "1.44"]
[White "Calvo Simon Jorge"]
[Black "Barcena Laguia Francisco"]
[Result "1-0"]
[WhiteElo "1727"]
[BlackElo "1922"]

1.e4 c5 2.Nf3 Nc6 3.d4 cxd4 4.Nxd4 g6 5.Be3 Bg7 6.Nc3 Nf6 7.f3 Qb6 8.Nf5 Qxb2
9.Na4 Qb4+ 10.c3 Qa5 11.Nxg7+ Kf8 12.Bh6 Kg8 13.Rb1 Qe5 14.Bd3 d5 15.O-O dxe4
16.Re1 Qc7 17.Bxe4 Nxe4 18.Rxe4 b6 19.Ne8 Qd7 20.Nf6+ exf6 21.Qd6 1-0

[Event "Cto Equipos Aragon 2012 Preferente A"]
[Site "Aragon"]
[Date "2012.02.04"]
[Round "1.45"]
[White "Vera Aranjuelo Jesus Maria"]
[Black "Ferreruela Romero Jose Joaquin"]
[Result "1/2-1/2"]
[WhiteElo "2040"]
[BlackElo "2020"]

1.d4 Nf6 2.Nf3 e6 3.Bf4 b6 4.e3 Bb7 5.Be2 Be7 6.h3 O-O 7.O-O c5 8.c3 Nc6 9.
Nbd2 cxd4 10.cxd4 Rc8 11.Rc1 Nd5 12.Bg3 f5 13.e4 fxe4 14.Nxe4 Nf4 15.Bxf4 Rxf4
16.Nc3 Nb4 17.Qd2 Rf8 18.Qd1 Bg5 19.Nxg5 Qxg5 20.f3 Nd5 21.Nxd5 Bxd5 22.Rxc8
Qe3+ 23.Kh1 Rxc8 24.Ba6 Rc7 25.Re1 Qf4 26.a3 Qg3 27.Bd3 Qf4 28.Be4 Qd6 29.Qd2
Rc8 30.Bb1 Bb7 31.Be4 Bd5 32.Bb1 Qc7 33.Bd3 Qb7 34.Qe2 Qc7 35.Ba6 Bc4 36.Bxc4
Qxc4 37.Qe5 Qc7 38.Qe4 Qc2 39.Re2 Qxe4 40.fxe4 Kf7 41.Kh2 Ke7 42.Kg3 Rc1 43.
Kf4 b5 44.Ke3 h6 45.Kd2 Rc4 46.Kd3 Rc1 47.Kd2 Rc4 48.Kd3 Rc1 49.Kd2 Rc4
1/2-1/2

[Event "Cto Equipos Aragon 2012 Preferente A"]
[Site "Aragon"]
[Date "2012.02.04"]
[Round "1.46"]
[White "Sanmiguel Mateo Luis"]
[Black "Lucea Valero Alejandro"]
[Result "1-0"]
[WhiteElo "1958"]
[BlackElo "1962"]

1.e4 d5 2.exd5 Qxd5 3.Nc3 Qa5 4.d4 Nf6 5.Bd3 c6 6.Ne2 Bg4 7.f3 Bh5 8.O-O e6 9.
Ng3 Bg6 10.Nge4 Nbd7 11.Bf4 Nxe4 12.fxe4 Qb6 13.Be3 O-O-O 14.Na4 Qa5 15.c4 Nb6
16.Nc3 Qh5 17.Qc2 Bd6 18.g3 Qh3 19.Ne2 Bc7 20.d5 Bh5 21.Nf4 Bxf4 22.Rxf4 Bg4
23.dxc6 bxc6 24.c5 Nd7 25.Ba6+ Kc7 26.Rxf7 e5 27.Qc3 Qh5 28.Qa5+ Kb8 29.Qb4+
Nb6 30.Rb7+ Ka8 31.Rxa7+ 1-0

[Event "Cto Equipos Aragon 2012 Preferente A"]
[Site "Aragon"]
[Date "2012.02.04"]
[Round "1.47"]
[White "Buil Montanes Carlos"]
[Black "Belmonte Barragan Avelino"]
[Result "1/2-1/2"]
[WhiteElo "1924"]
[BlackElo "1799"]

1.d4 Nf6 2.Nf3 d5 3.c4 c6 4.Nc3 e6 5.e3 Nbd7 6.Bd3 dxc4 7.Bxc4 b5 8.Bd3 Bb7 9.
O-O a6 10.Qe2 Rc8 11.Rd1 Be7 12.e4 h6 13.h3 O-O 14.Bf4 c5 15.dxc5 Bxc5 16.e5
Nd5 17.Nxd5 Bxd5 18.Nd2 Qh4 19.Bh2 Qg5 20.Ne4 Qe7 21.Nxc5 Rxc5 22.Bf4 Bc4 23.
Bxc4 Rxc4 24.Qd2 Nb6 25.b3 Rc6 26.Rac1 Rfc8 27.Rxc6 Rxc6 28.Qd8+ Qxd8 29.Rxd8+
Kh7 30.Rd6 Rxd6 1/2-1/2

[Event "Cto Equipos Aragon 2012 Preferente A"]
[Site "Aragon"]
[Date "2012.02.04"]
[Round "1.50"]
[White "Alonso Blasco Jose Miguel"]
[Black "Fernandez Rubio Rafael"]
[Result "1-0"]
[WhiteElo "2119"]
[BlackElo "2064"]

1.e4 d6 2.d4 Nd7 3.Nf3 e5 4.Bc4 Be7 5.dxe5 Nxe5 6.Nxe5 dxe5 7.Qh5 g6 8.Qxe5
Nf6 9.Bh6 Rg8 10.f3 Qd6 11.Qxd6 Bxd6 12.Bg5 Nd7 13.Nc3 h6 14.Be3 Ne5 15.Bb3
Be6 16.Nb5 a6 17.Nxd6+ cxd6 18.O-O-O Ke7 19.Bd5 Rac8 20.Bxb7 Rc7 21.Bd5 Rgc8
22.c3 Nc4 23.Bxh6 Rc5 24.Bf4 Bxd5 25.Rxd5 Rxd5 26.exd5 Rc5 27.Rd1 Ra5 28.b3
Nb6 29.Kb2 Rxd5 30.Rxd5 Nxd5 31.Bd2 Kd7 32.c4 Ne7 33.Kc3 Nf5 34.g3 Kc6 35.Bg5
d5 36.g4 Ng7 37.cxd5+ Kxd5 38.Kb4 Ne6 39.Be3 Nc7 40.Ka5 Ke5 41.h4 f5 42.gxf5
Kxf5 43.Bg5 Ke6 44.Bf4 Nd5 45.Bd2 Nc7 46.Kb6 Kd7 47.Kb7 1-0

[Event "Cto Equipos Aragon 2012 Preferente A"]
[Site "Aragon"]
[Date "2012.02.04"]
[Round "1.51"]
[White "Sancho Casale Jesus"]
[Black "Javierre Conesa Alfonso"]
[Result "1/2-1/2"]
[WhiteElo "1912"]
[BlackElo "2045"]

1.e4 d6 2.d4 Nf6 3.Nc3 g6 4.Nf3 Bg7 5.h3 c6 6.a4 O-O 7.Be3 Qc7 8.Be2 e5 9.O-O
Nbd7 10.dxe5 dxe5 11.Bc4 b6 12.Qd2 Bb7 13.Bh6 Rad8 14.Bxg7 Kxg7 15.Qe3 Nc5 16.
Rfd1 Ba6 17.Ba2 Bc8 18.Rxd8 Rxd8 19.a5 Ne6 20.axb6 axb6 21.Bxe6 Bxe6 22.Ra6 b5
23.Ra7 Qd6 24.Ng5 Rd7 25.Nxe6+ Qxe6 26.Rxd7 Qxd7 27.Qd3 Qd4 28.Kf1 b4 29.Qxd4
exd4 30.Ne2 c5 31.f3 Nd7 32.Nc1 c4 33.Ke2 f5 34.exf5 gxf5 35.b3 Ne5 36.f4 cxb3
37.Nxb3 Ng6 38.g3 h5 39.Nxd4 Kf6 40.Nc6 h4 41.gxh4 Nxf4+ 42.Ke3 Nd5+ 43.Kd4 f4
44.Ke4 Kg7 45.Nd4 Ne3 46.Kd3 Kh6 47.Nf3 Kh5 48.c4 bxc3 1/2-1/2

[Event "Cto Equipos Aragon 2012 Preferente B"]
[Site "Aragon"]
[Date "2012.02.04"]
[Round "1.53"]
[White "Hinojar Basa Alfonso"]
[Black "Salamero Pelay Fernando"]
[Result "0-1"]
[WhiteElo "2194"]
[BlackElo "2123"]

1.e4 Nc6 2.Nc3 e6 3.d4 d5 4.e5 Nge7 5.Nf3 Nf5 6.Be2 Be7 7.g4 Nh4 8.Nxh4 Bxh4
9.Be3 f6 10.exf6 Qxf6 11.Qd2 Bd7 12.g5 Qf5 13.O-O-O O-O-O 14.f4 h6 15.Bd3 Qh3
16.Bf1 Qf5 17.Qg2 hxg5 18.fxg5 e5 19.Nxd5 exd4 20.Bd3 Qh3 21.Qxh3 Bxh3 22.Nf4
Bg4 23.Rdg1 Bf3 24.Ng6 dxe3 25.Nxh8 Rxh8 0-1

[Event "Cto Equipos Aragon 2012 Preferente B"]
[Site "Aragon"]
[Date "2012.02.04"]
[Round "1.54"]
[White "Gella Lopez Angel"]
[Black "Jario Garcia Ricardo"]
[Result "0-1"]
[WhiteElo "2080"]
[BlackElo "2128"]

1.d4 d5 2.c4 dxc4 3.Nf3 Nf6 4.e3 e6 5.Bxc4 a6 6.O-O c5 7.Nc3 Nc6 8.Qe2 b5 9.
Bb3 Bb7 10.Rd1 Qc7 11.d5 exd5 12.Nxd5 Nxd5 13.Bxd5 Be7 14.e4 O-O 15.Be3 Nb4
16.Bf4 Qb6 17.Bxb7 Qxb7 18.a4 c4 19.Bd6 Bxd6 20.Rxd6 Rfe8 21.e5 Nd3 22.e6 fxe6
23.Rxe6 Qf7 24.Ng5 Rxe6 25.Qxe6 Qxe6 26.Nxe6 b4 27.Rb1 Re8 28.Nc7 Re2 29.Nd5
a5 30.Ne3 Rxb2 31.Rd1 c3 32.Nc4 c2 33.Nxb2 Nxb2 34.Rd8+ Kf7 35.Rc8 b3 0-1

[Event "Cto Equipos Aragon 2012 Preferente B"]
[Site "Aragon"]
[Date "2012.02.04"]
[Round "1.55"]
[White "Sancho Cortes Miguel Angel"]
[Black "Laplaza Ara Carlos"]
[Result "0-1"]
[WhiteElo "2094"]
[BlackElo "2011"]

1.e4 c6 2.d4 d5 3.Nd2 dxe4 4.Nxe4 Bf5 5.Ng3 Bg6 6.Nf3 Nd7 7.Bc4 e6 8.O-O Ngf6
9.Re1 Be7 10.Qe2 Nd5 11.Bb3 b5 12.Ne4 Bxe4 13.Qxe4 N7f6 14.Qe2 O-O 15.Bg5 Qb6
16.Ne5 Rad8 17.Rad1 Rfe8 18.Rd3 c5 19.dxc5 Qxc5 20.Bxd5 Rxd5 21.Bxf6 Bxf6 22.
Nd7 Qc4 23.Nxf6+ gxf6 24.Rxd5 Qxd5 25.Rd1 Qc4 26.Qd2 Rc8 27.c3 Qxa2 28.Qd7 Qc4
29.Rd4 Qc7 30.Qxb5 Rb8 31.Qe2 a5 32.Qd2 e5 33.Rd7 Rxb2 34.Qxb2 Qxd7 35.h3 Qd5
36.Qe2 Qc5 37.Qg4+ Kf8 38.Qf3 Qa3 39.Qa8+ Kg7 40.c4 Qb4 41.Qc8 Qe1+ 42.Kh2
Qxf2 43.Qg4+ Kh6 44.Qd1 Qf4+ 45.Kh1 Qxc4 46.Qd2+ Qf4 47.Qxa5 e4 48.Qe1 e3 49.
Kg1 f5 50.Qe2 Kg5 51.Qb2 Kg6 52.Qb6+ Kg5 53.Qd8+ Kh5 54.Qd1+ Kg6 55.Qe2 Kg5
56.Qb2 Qf2+ 57.Qxf2 exf2+ 58.Kxf2 Kf4 59.g3+ Ke4 60.Ke2 f4 61.g4 f3+ 62.Kf2
Kf4 0-1

[Event "Cto Equipos Aragon 2012 Preferente B"]
[Site "Aragon"]
[Date "2012.02.04"]
[Round "1.56"]
[White "Perez Puyal Jose Joaquin"]
[Black "Ruiperez Gumiel Ramon"]
[Result "0-1"]
[WhiteElo "1929"]
[BlackElo "1947"]

1.Nf3 d5 2.d4 Nc6 3.e3 Bg4 4.Be2 Nf6 5.Nbd2 e6 6.O-O Bd6 7.b3 Bxf3 8.Nxf3 Ne4
9.Bb2 Ne7 10.c4 c6 11.Ne5 Nf5 12.cxd5 exd5 13.Qd3 Qg5 14.f4 Qe7 15.Bf3 g6 16.
Bxe4 dxe4 17.Qd2 Bxe5 18.fxe5 O-O-O 19.Qc3 Rhe8 20.Rf4 Qg5 21.g3 h5 22.Kf2 h4
23.g4 Nxd4 24.Rxe4 Nb5 25.Qc2 f5 26.gxf5 Qxf5+ 27.Kg2 Rf8 28.Rc4 h3+ 29.Kg1
Qg5+ 30.Kh1 Qxe3 31.Rc1 Qf3+ 32.Kg1 Qe3+ 33.Kh1 Qf3+ 34.Kg1 Qe3+ 35.Kh1 Rd2
36.Qe4 Qxe4+ 37.Rxe4 Rxb2 38.a4 Nc3 39.Re3 Ne2 40.Rd1 Nf4 41.e6 Re8 42.e7 Nd5
43.Rxh3 Rxe7 44.Rh8+ Kc7 45.a5 a6 46.Rh3 Ree2 47.Rh7+ Kd6 48.Rg1 Rxb3 49.Rxg6+
Kc5 50.Rg1 Ra2 51.h4 Rh3# 0-1

[Event "Cto Equipos Aragon 2012 Preferente B"]
[Site "Aragon"]
[Date "2012.02.04"]
[Round "1.57"]
[White "Pellicer Cemeli Jose Luis"]
[Black "Correas Marcen Jose Maria"]
[Result "1/2-1/2"]
[WhiteElo "2068"]
[BlackElo "1994"]

1.e4 c5 2.Nf3 Nc6 3.d4 cxd4 4.Nxd4 e5 5.Nb5 a6 6.Nd6+ Bxd6 7.Qxd6 Qf6 8.Qd2
Nge7 9.a4 O-O 10.Bc4 Qg6 11.O-O Rb8 12.Nc3 Nd4 13.f4 b5 14.Bd3 exf4 15.Qxf4
Bb7 16.Nd5 Nxd5 17.exd5 Qxd3 18.cxd3 Ne2+ 19.Kh1 Nxf4 20.Bxf4 Rbc8 21.axb5
axb5 22.Ra7 Bxd5 23.Rxd7 Rfd8 24.Rxd8+ Rxd8 1/2-1/2

[Event "Cto Equipos Aragon 2012 Preferente B"]
[Site "Aragon"]
[Date "2012.02.04"]
[Round "1.58"]
[White "Hernandez Delgado Gabriel"]
[Black "Landa Galindo Victor"]
[Result "1-0"]
[WhiteElo "1986"]
[BlackElo "1945"]

1.d4 Nf6 2.Nf3 c5 3.e3 e6 4.Bd3 Nc6 5.c3 d5 6.Nbd2 Bd6 7.O-O O-O 8.dxc5 Bxc5
9.e4 Qc7 10.b4 Bd6 11.Bb2 Ng4 12.h3 Nge5 13.Be2 Nxf3+ 14.Bxf3 Rd8 15.Qb3 Bf4
16.Rfd1 d4 17.cxd4 Nxd4 18.Bxd4 Rxd4 19.Nc4 e5 20.Ne3 Bxe3 21.Qxe3 Rxd1+ 22.
Rxd1 Be6 23.Qd2 Rc8 24.Bg4 Bxg4 25.hxg4 h6 26.g5 hxg5 27.Qxg5 f6 28.Qd2 b6 29.
Qd5+ Kf8 30.Rd3 Qc1+ 31.Rd1 Qc7 32.Kh2 Ke7 33.Qb3 Qc2 34.Qd5 Qc6 35.Qd3 Qc7
36.b5 Rh8+ 37.Kg1 Rc8 38.Qg3 Kf7 39.Qb3+ Ke7 40.Qa3+ Kf7 41.Qd3 Ke7 42.Rd2
Qc1+ 43.Kh2 Qc7 44.Qa3+ Kf7 45.Rd6 {Tiempo} 1-0

[Event "Cto Equipos Aragon 2012 Preferente B"]
[Site "Aragon"]
[Date "2012.02.04"]
[Round "1.59"]
[White "Puertolas Serena Arturo"]
[Black "De La Riva Fernandez Eduardo"]
[Result "1-0"]
[WhiteElo "1941"]
[BlackElo "1985"]

1.d4 d5 2.Nf3 Nf6 3.e3 e6 4.Bd3 Nbd7 5.O-O Bd6 6.Nbd2 O-O 7.Qe2 Re8 8.c4 c5 9.
cxd5 exd5 10.dxc5 Nxc5 11.Bb5 Bd7 12.Bxd7 Qxd7 13.b3 Ne6 14.Qd3 d4 15.Nc4 Bc5
16.Qf5 dxe3 17.Nxe3 Rad8 18.Bb2 Nd4 19.Qxc5 Ne2+ 20.Kh1 Ne4 21.Qh5 Re6 22.Ng5
Nxg5 23.Qxe2 Qc6 24.Rac1 Qb6 25.Qg4 f6 26.Rfd1 Rde8 27.Rd7 Re4 28.Qd1 R4e7 29.
Qd5+ Ne6 30.Rxe7 Rxe7 31.Rc8+ Kf7 32.Qh5+ g6 33.Qxh7+ Ng7 34.Qg8# 1-0

[Event "Cto Equipos Aragon 2012 Preferente B"]
[Site "Aragon"]
[Date "2012.02.04"]
[Round "1.60"]
[White "Gimeno Garcia David"]
[Black "Pellicer Cerezuela Miguel"]
[Result "0-1"]
[WhiteElo "1948"]
[BlackElo "1657"]

1.d4 f5 2.c4 Nf6 3.Nc3 g6 4.Nf3 Bg7 5.b3 O-O 6.Bb2 d6 7.e3 c6 8.Qc2 Qc7 9.
O-O-O a5 10.c5 b5 11.cxb6 Qxb6 12.Bc4+ d5 13.Bd3 Nbd7 14.Ba3 Re8 15.Na4 Qc7
16.Nc5 Nxc5 17.Bxc5 Bb7 18.Ng5 e5 19.dxe5 Qxe5 20.Bd4 Qe7 21.Bc5 Qc7 22.Nf3
Ne4 23.Bxe4 Rxe4 24.Nd4 f4 25.f3 Rxe3 26.Nb5 cxb5 27.Bxe3 Qxc2+ 28.Kxc2 fxe3
29.Rhe1 d4 30.Kd3 Rc8 31.Rc1 Kf7 32.Rxc8 Bxc8 33.Rc1 Bf5+ 34.Ke2 Bh6 35.Rc7+
Ke6 36.Rxh7 d3+ 37.Ke1 Bf8 38.g4 Bb4+ 39.Kf1 e2+ 40.Kg2 e1=Q 0-1

[Event "Cto Equipos Aragon 2012 Preferente B"]
[Site "Aragon"]
[Date "2012.02.04"]
[Round "1.61"]
[White "Argueso Pascual Jorge"]
[Black "Garcia Andres Daniel"]
[Result "0-1"]
[WhiteElo "1998"]
[BlackElo "2008"]

1.e4 e5 2.Nf3 Nc6 3.Bb5 a6 4.Ba4 Nf6 5.O-O Nxe4 6.d4 b5 7.Bb3 d5 8.dxe5 Be6 9.
c3 Be7 10.Nbd2 O-O 11.Bc2 f5 12.Nb3 Qd7 13.Nbd4 Nd8 14.Nxe6 Nxe6 15.Nd4 c5 16.
Nxf5 Rxf5 17.Bxe4 Rxe5 18.Re1 Qd6 19.Bf3 Rd8 20.Rxe5 Qxe5 21.Qe2 Qxe2 22.Bxe2
d4 23.Bg4 Kf7 24.Bxe6+ Kxe6 25.cxd4 Bf6 26.Rb1 Bxd4 27.Kf1 c4 28.Ke2 Bf6 29.
Bd2 Rd3 30.f3 h5 31.g3 Kd5 32.h4 Bd4 33.b3 Kc5 34.Rc1 Be5 35.Be1 a5 36.Rc2 a4
37.bxa4 b4 38.Bf2+ Bd4 39.Be1 Re3+ 40.Kd1 Rxf3 41.a5 Ra3 42.Bd2 0-1

[Event "Cto Equipos Aragon 2012 Preferente B"]
[Site "Aragon"]
[Date "2012.02.04"]
[Round "1.62"]
[White "Calvo Mayayo Jose Maria"]
[Black "Soto Fidalgo Guillermo"]
[Result "1-0"]
[WhiteElo "1931"]
[BlackElo "1907"]

1.c4 c6 2.g3 d5 3.Bg2 dxc4 4.Na3 Nf6 5.Nxc4 g6 6.Nf3 Bg7 7.O-O O-O 8.d3 Nbd7
9.Qc2 Nb6 10.Rd1 Re8 11.a4 Nxc4 12.dxc4 Qc7 13.e4 e5 14.a5 Bg4 15.h3 Bd7 16.
Be3 Red8 17.b4 Bf8 18.Bg5 Be7 19.Nd2 Kg7 20.Qb2 Be6 21.Be3 Rd7 22.Rac1 b6 23.
axb6 axb6 24.Ra1 Rad8 25.Ra6 c5 26.Rda1 Qb7 27.b5 Kg8 28.f3 Nh5 29.Kh2 Bf6 30.
Bf1 Bg7 31.Be2 f5 32.Bg5 Bf6 33.Bh6 f4 34.Nf1 Nxg3 35.Nxg3 fxg3+ 36.Kxg3 Qc7
37.Ra8 Qd6 38.Rxd8+ Rxd8 39.Rd1 Qe7 40.Rxd8+ Qxd8 41.Qa2 Qd4 42.Qa8+ Bd8 43.
Kg2 Qd7 44.Bg5 Bxh3+ 45.Kh2 h6 46.Qxd8+ Qxd8 47.Bxd8 1-0

[Event "Cto Equipos Aragon 2012 Preferente B"]
[Site "Aragon"]
[Date "2012.02.04"]
[Round "1.63"]
[White "Ruiz Gutierrez Jose Manuel"]
[Black "Lafarga Bueno Daniel"]
[Result "0-1"]
[WhiteElo "1863"]
[BlackElo "1851"]

1.d4 d5 2.Nf3 Nf6 3.c4 e6 4.Nc3 Be7 5.Bf4 c6 6.e3 O-O 7.Bd3 Nbd7 8.h3 b6 9.
cxd5 exd5 10.O-O Bb7 11.Rc1 Rc8 12.Qe2 c5 13.dxc5 bxc5 14.Rfd1 Qb6 15.b3 Rfd8
16.Bg5 h6 17.Bh4 Qe6 18.Qc2 d4 19.Bc4 Qb6 20.Na4 Qa5 21.exd4 Bxf3 22.gxf3 cxd4
23.Rxd4 Ba3 24.Rcd1 Ne5 25.Rxd8+ Rxd8 26.Bxf6 gxf6 27.Rxd8+ Qxd8 28.f4 Nxc4
29.Qxc4 Qd6 30.Nc3 Bc1 31.Nd5 Ba3 32.Kg2 a5 33.Kf3 Bc5 34.Nxf6+ Kf8 35.Ne4
Qd1+ 36.Kg3 Qg1+ 37.Kf3 Qd1+ 38.Qe2 Qh1+ 39.Kg4 Qg2+ 40.Ng3 Bxf2 41.Qd3 0-1

[Event "Cto Equipos Aragon 2012 Preferente B"]
[Site "Aragon"]
[Date "2012.02.04"]
[Round "1.64"]
[White "Campo Berdala Carlos"]
[Black "Argueso Palomino Manuel"]
[Result "0-1"]
[WhiteElo "1828"]
[BlackElo "1800"]

1.c4 e5 2.g3 Nf6 3.Bg2 d5 4.cxd5 Nxd5 5.Nc3 Nxc3 6.bxc3 c6 7.Nf3 Qc7 8.Qc2 g6
9.O-O Bd6 10.d4 Nd7 11.Bh6 exd4 12.cxd4 Nf8 13.e4 Nd7 14.e5 Bf8 15.Bf4 Qa5 16.
a3 Nb6 17.Bd2 Qd5 18.Be3 Bf5 19.Qa2 Qxa2 20.Rxa2 Be6 21.Raa1 O-O-O 22.a4 Bd5
23.a5 Nc4 24.Ng5 Bxg2 25.Kxg2 Bh6 26.Nxf7 Bxe3 27.Nxh8 Bxd4 28.Nf7 Rd5 29.Rad1
Kd7 30.Rfe1 c5 31.e6+ Ke7 32.h4 Rf5 33.Re2 Nxa5 34.Ng5 h6 35.Nf3 Nc6 36.Nxd4
Nxd4 37.Rde1 Nxe2 38.Rxe2 Rf6 39.Ra2 a6 40.Ra5 Rf5 41.g4 Rd5 42.Ra1 Kxe6 43.
Rb1 b5 44.Ra1 Rd6 0-1

[Event "Cto Equipos Aragon 2012 Preferente B"]
[Site "Aragon"]
[Date "2012.02.04"]
[Round "1.66"]
[White "Ferrer Echavarri Fco Javier"]
[Black "Martinez Asensio Juan Miguel"]
[Result "0-1"]
[WhiteElo "1948"]
[BlackElo "2116"]

1.Nf3 c5 2.e4 g6 3.d4 cxd4 4.Nxd4 Nc6 5.c4 Nf6 6.Nc3 d6 7.Be3 Ng4 8.Nxc6 bxc6
9.Bxa7 c5 10.Be2 Ne5 11.Nb5 Qa5+ 12.Qd2 Rxa7 13.Nxa7 Qxa7 14.O-O Bg7 15.f4 Nc6
16.e5 dxe5 17.Bf3 Nd4 18.fxe5 O-O 19.b3 Bxe5 20.Rae1 Bg7 21.Kh1 e6 22.Rd1 Bd7
23.Qf2 Rb8 24.Be4 Be8 25.h4 h5 26.Bb1 Qc7 27.Rd3 Nf5 0-1

[Event "Cto Equipos Aragon 2012 Preferente B"]
[Site "Aragon"]
[Date "2012.02.04"]
[Round "1.67"]
[White "Larrosa Poves Jose Manuel"]
[Black "Sanz Lopez Ruben"]
[Result "1-0"]
[WhiteElo "1950"]
[BlackElo "1945"]

1.d4 Nf6 2.c4 c5 3.Nf3 e6 4.g3 g6 5.Bg2 Bg7 6.O-O O-O 7.Nc3 d6 8.dxc5 dxc5 9.
Qxd8 Rxd8 10.Be3 Na6 11.Rad1 Rxd1 12.Rxd1 Nd7 13.Ne1 Bxc3 14.bxc3 Rb8 15.a4
Kf8 16.Nd3 Ke7 17.Bf4 Ra8 18.Ne5 Nab8 19.Nxd7 Nxd7 20.Bd6+ Ke8 21.a5 f6 22.a6
Ne5 23.Bxe5 1-0